Contabilidad 4 /

Guardado en:
Autor Principal: Angrisani, Roberto
Otros Autores: López, Juan Carlos
Formato: Libro
Publicado: Buenos Aires : Ayl, 2007.
Edición:8a. ed.
Materias:
Etiquetas: Agregar Etiqueta
Sin Etiquetas, Sea el primero en etiquetar este registro!
LEADER 01184nam a22002655a 4500
001 CEM.cems012842
005 20140424113858.0
008 130507s2007##################000#0#####d
003 CEMS
020 |a 9879142535 
082 0 4 |a 657 
100 1 |a Angrisani, Roberto 
245 1 0 |a Contabilidad 4 /  |c Roberto Angrisani, Juan Carlos López. 
250 |a 8a. ed. 
260 |a Buenos Aires :  |b Ayl,  |c 2007. 
300 |a 191 p. + 1 CD-ROM 
500 |a Incluye software actualizado sin cargo. 
505 0 |a Sociedades civiles y comerciales -- Sociedades anónimas -- Sociedad de responsabilidad limitada -- Sociedad en comandita por acciones -- Sociedad cooperativa -- Asociaciones civiles -- Empresas industriales y contabilidad de costos -- Práctica integradora de estados contables básicos -- Presentación de estados contables. 
653 |a Contabilidad 
653 |a Sociedades 
653 |a Estados contables 
700 1 |a López, Juan Carlos 
859 |a CEMS  |b BIB. CEMS - 11 de abril  |h 657  |i An48a8  |p 25101.08  |t Ej.1  |v IV  |3 IV 
859 |a CEMS  |b BIB. CEMS - 11 de abril  |h 657  |i An48a8  |p 25532.09  |t Ej.2  |v IV  |3 IV 
859 |a CEMS  |b BIB. CEMS - 11 de abril  |h 657  |i An48a8  |p 25533.09  |t Ej.3  |v IV  |3 IV